000 03951nam2a2200349 4500
001 RU\NLR\BIBL_A\022169913
005 20240502161101.0
010 _a978-5-94373-542-4
_9150
021 _aRU
_bКН-П-24-007486
_9КН-П-24-0777
035 _a(NLR Aleph) 022169913
090 _a12948872
_c12948872
100 _a20240318d2024 u y0rusy50 ca
101 0 _arus
102 _aRU
105 _aah j 000yy
200 0 _aВып. 8
_fБуглимова Ольга Владимировна - преподаватель, Бунимович Евгений Абрамович - заслуженный учитель России, кандидат педагогических наук, Гаврилова Юлия Вячеславовна, кандидат юридических наук, доцент [и др.]
_gпод общ. ред. Р. С. Данелян [и др.]
_gДепартамент образования и науки города Москвы, Государственное автономное образовательное учреждение высшего образования города Москвы "Московский городской педагогический университет" (ГАОУ ВО МГПУ), Институт экономики, управления и права, [Общероссийская общественная организация "Ассоциация юристов России"]
210 _aМосква
_cЗерцало-М
_d2024
215 _a193 с.
_cил., цв. ил., факс.
_e1 электрон. опт. диск (CD-ROM)
300 _aАвт. указаны на обороте тит. с.
300 _aНа обл.: 10 лет проекту "Школа Права"
320 _aБиблиогр.: с. 190-193 и в подстроч. примеч.
461 0 _1001RU\NLR\BIBL_A\011384461
_12001#$aПраво знать!$eправовые квесты$eучебно-методическое пособие$fДепартамент образования города Москвы, Государственное автономное образовательное учреждение высшего образования города Москвы "Московский городской педагогический университет" (ГАОУ ВО МГПУ), Юридический институт, [Общероссийская общественная организация "Ассоциация юристов России"$gЕ.А. Бунимович и др.]$vВып. 8
_911419262
_cМосква
_d2017
_fДепартамент образования города Москвы, Государственное автономное образовательное учреждение высшего образования города Москвы "Московский городской педагогический университет" (ГАОУ ВО МГПУ), Юридический институт, [Общероссийская общественная организация "Ассоциация юристов России"
_nКнигодел
_oправовые квесты : учебно-методическое пособие
_tПраво знать!
_vВып. 8
701 1 _aБуглимова
_bО. В.
_gОльга Владимировна
701 1 _7ca
_8rus
_aГаврилова
_bЮ. В.
_cканд. юрид. наук
_gЮлия Вячеславовна
_969793
_3RU\NLR\AUTH\7786865
702 1 _aДанелян
_bР. С.
_gРита Суреновна
_4340
712 0 2 _4570
_aМосковский городской педагогический университет
_bИнститут экономики, управления и права
_9878452
_3RU\NLR\AUTH\880606601
852 _aNLR
_j2017-8/1292
942 _cBOOK
980 _aNB